UM Logo

How to be a successful mentor: (Record no. 15987)

MARC details
000 -LEADER
fixed length control field 00671nam a2200169 4500
008 - FIXED-LENGTH DATA ELEMENTS--GENERAL INFORMATION
fixed length control field 210203b ||||| |||| 00| 0 eng d
022 ## - INTERNATIONAL STANDARD SERIAL NUMBER
International Standard Serial Number 0732-8435
082 ## - DEWEY DECIMAL CLASSIFICATION NUMBER
Classification number DPer 657.05 C33 Feb - Aug 2012, v. 82
100 ## - MAIN ENTRY--PERSONAL NAME
Personal name Viator, Ralph E.
9 (RLIN) 42883
245 ## - TITLE STATEMENT
Title How to be a successful mentor:
Remainder of title managing challenges, avoiding pitfalls, and recognizing benefits/
Statement of responsibility, etc. Ralph E. Viator, Derek Dalton and Nancy Harp.
260 ## - PUBLICATION, DISTRIBUTION, ETC. (IMPRINT)
Place of publication, distribution, etc. New York:
Name of publisher, distributor, etc. The New York State Society of CPA,
Date of publication, distribution, etc. ©2012.
300 ## - PHYSICAL DESCRIPTION
Extent v82 n5, pages 68-71:
Other physical details color illustration;
Dimensions 28 cm.
650 ## - SUBJECT ADDED ENTRY--TOPICAL TERM
Topical term or geographic name as entry element Mentoring.
9 (RLIN) 2791
700 ## - ADDED ENTRY--PERSONAL NAME
Personal name Dalton, D.
Relator term Author.
9 (RLIN) 42884
700 ## - ADDED ENTRY--PERSONAL NAME
Personal name Harp, N.
Relator term Author.
9 (RLIN) 42885
942 ## - ADDED ENTRY ELEMENTS (KOHA)
Source of classification or shelving scheme Dewey Decimal Classification
Koha item type Periodicals
Holdings
Withdrawn status Lost status Source of classification or shelving scheme Damaged status Not for loan Collection code Home library Current library Date acquired Total Checkouts Full call number Date last seen Price effective from Koha item type Public note
    Dewey Decimal Classification     Periodicals UM Digos College - LIC UM Digos College - LIC 02/03/2021   DPer 657.05 C33 Feb - Aug 2012, v. 82 02/03/2021 02/03/2021 Periodicals Periodical article